00358nam a2200145Ia 4500008004100000020001800041082001500059100001500074245003800089250000800127260002800135300001300163500002400176650001200200230524s9999 xx 000 0 und d a9788173197819 a4.622bLIN aPeter Linz 0a"Formal Languages and Automata ," a4TH aNEW DELHIbNarosac2009 aXIII;415 aQuantity Number: 5 aComp-Sc